| 000 | 00940cam a2200277 4500 | ||
|---|---|---|---|
| 001 | 1702649 | ||
| 003 | BD-DhUL | ||
| 005 | 20170424102052.0 | ||
| 008 | 680301s1968 mauabch b 000 0beng | ||
| 010 | _a 68011529 | ||
| 040 |
_aDLC _cDLC _dDLC _dBD-DhUL |
||
| 050 | 0 | 0 |
_aE312.25 _b.F69 |
| 082 | 0 | 0 |
_a973.3092 _bWAS |
| 100 | 1 |
_aFlexner, James Thomas, _d1908-2003. |
|
| 245 | 1 | 0 |
_aGeorge Washington in the American Revolution, 1775-1783. _cWith maps and photos. |
| 250 | _a[1st ed.] | ||
| 260 |
_aBoston, _bLittle, Brown _c[1968] |
||
| 300 |
_axvii, 599 p. _billus., facsims., maps, ports. _c24 cm. |
||
| 490 | 0 | _a[His George Washington, v. 2] | |
| 504 | _aBibliography: p. 557-563. | ||
| 600 | 1 | 0 |
_aWashington, George, _d1732-1799 _xMilitary leadership. |
| 650 | 0 |
_aGenerals _zUnited States _xBiography. |
|
| 651 | 0 |
_aUnited States _xHistory _yRevolution, 1775-1783. |
|
| 700 | 1 |
_aWashington, George, _d1732-1799. |
|
| 942 |
_2ddc _cBK |
||
| 999 |
_c192267 _d192267 |
||